The open register and the Freedom of Information Act 2000 (Record no. 74944)
[ view plain ]
| 000 -LEADER | |
|---|---|
| fixed length control field | 01591cam a2200229 4500 |
| 001 - CONTROL NUMBER | |
| control field | ABS68850 |
| 008 - FIXED-LENGTH DATA ELEMENTS--GENERAL INFORMATION | |
| fixed length control field | 050318n2005 000 0 eng u |
| 035 ## - SYSTEM CONTROL NUMBER | |
| System control number | (Sirsi) u129103 |
| 100 ## - MAIN ENTRY--PERSONAL NAME | |
| Personal name | Whitters, B. |
| 245 #4 - TITLE STATEMENT | |
| Title | The open register and the Freedom of Information Act 2000 |
| 260 ## - PUBLICATION, DISTRIBUTION, ETC. | |
| Date of publication, distribution, etc. | 2005 |
| 490 ## - SERIES STATEMENT | |
| Series statement | EMIS Property Service |
| Volume/sequential designation | 3(2) February 2005, 3-6(4) |
| 520 ## - SUMMARY, ETC. | |
| Summary, etc. | The Land Registration Act 2002 (LRA) introduced the open register and, along with the Land Registration Rules 2003 (LRR), granted extensive rights to inspect, copy and request official copies of documents kept by the Land Registry. The system established by the LRA and the LRR will be complete in October 2005 when transitional period documents become available to the public. However there will still be documents which will not be available to the public as of right. The Freedom of Information Act 2000 (FOIA) may provide the rights to fill the gap in the open register system. It will depend on how the Land Registry interprets its obligations under the FOIA and, in particular, how it applies the public interest test for withholding information. The article looks at the rules governing access to Land Registry documents in the LRA and the LRR and then considers the rights granted by the FOIA and its impact on the Land Registry. [Taken from journal abstract]. |
| 590 ## - LOCAL NOTE (RLIN) | |
| Local note | ABS |
| 650 ## - SUBJECT ADDED ENTRY--TOPICAL TERM | |
| Topical term or geographic name entry element | LAND REGISTRATION ACT 2002 |
| 650 ## - SUBJECT ADDED ENTRY--TOPICAL TERM | |
| Topical term or geographic name entry element | OPEN REGISTER |
| 650 ## - SUBJECT ADDED ENTRY--TOPICAL TERM | |
| Topical term or geographic name entry element | FREEDOM OF INFORMATION ACT 2000 |
| 650 ## - SUBJECT ADDED ENTRY--TOPICAL TERM | |
| Topical term or geographic name entry element | LAND REGISTRATION RULES |
| 650 ## - SUBJECT ADDED ENTRY--TOPICAL TERM | |
| Topical term or geographic name entry element | HM LAND REGISTRY |
| 690 ## - LOCAL SUBJECT ADDED ENTRY--TOPICAL TERM (OCLC, RLIN) | |
| Topical term or geographic name as entry element | LAW-UK |
| 942 ## - ADDED ENTRY ELEMENTS (KOHA) | |
| Suppress in OPAC | 0 |
| Withdrawn status | Lost status | Source of classification or shelving scheme | Damaged status | Not for loan | Home library | Current library | Shelving location | Date acquired | Total Checkouts | Full call number | Barcode | Date last seen | Copy number | Price effective from | Koha item type |
|---|---|---|---|---|---|---|---|---|---|---|---|---|---|---|---|
| Dewey Decimal Classification | London | London | Journal article | 18/03/2005 | ABS68850 | 129103-1001 | 06/08/2019 | 1 | 06/08/2019 | Journal article |